000 01363nam a2200337 i 4500
001 bg
003 BPK
005 20210119094834.0
008 080325s2007 pl a f f |000 0 pol
015 _aPB 9308/2008
020 _a9788372076984
040 _cBPK
041 _apol
080 _a60
080 _a504
080 _a628.1/.8
080 _a(075.8+076)
245 0 0 _aElementy biotechnologii w inżynierii środowiska :
_bćwiczenia laboratoryjne : praca zbiorowa /
_cpod red. Adama Muszyńskiego ; [aut. Maria Łebkowska et al.].
260 _aWarszawa :
_bOficyna Wydawnicza Politechniki Warszawskiej,
_c2007.
300 _a108 s. :
_bil. ;
_c24 cm.
504 _aBibliogr. przy ćwiczeniach.
650 4 _aInżynieria środowiska
650 4 _aBiotechnologia
655 4 _aĆwiczenia laboratoryjne dla szkół wyższych
710 2 _aPolitechnika Warszawska.
_bOficyna Wydawnicza.
_4pbl.
700 1 _aMuszyński, Adam
_c(inżynieria środowiska)
_eRedakcja
700 1 _aŁebkowska, Maria
_d(1942- )
_eAutor
856 _uhttp://koha.tu.koszalin.pl/cgi-bin/koha/opac-detail.pl?biblionumber=55807
_yKatalog online BPK
942 _cKS
_2UKD
999 _c55807
_d55807